| 000 | nam a22 7a 4500 | ||
|---|---|---|---|
| 999 |
_c72030 _d72030 |
||
| 003 | PILC | ||
| 005 | 20190625194304.0 | ||
| 007 | vd cvaiak | ||
| 008 | 180810b xxu||||| |||| 00| 0 eng d | ||
| 010 | _aAcc#OD349, OD348 | ||
| 024 | _a4800627069840 | ||
| 040 | _cPhilippine Baptist Theological Seminary | ||
| 050 |
_aAVR-V PN 1995.9 .D6 _bEp42 2010 |
||
| 245 | _aEpicenter; Inside the Revolution [videorecording] | ||
| 264 |
_aMandaluyong, Metro Manila : _bOMF Literature, _c©2010 |
||
| 300 |
_a2 videodisc (approx. 04:00:00) : _bsound, color ; _c4 3/4 inches |
||
| 508 | _aEpicenter Production Credits: A Daniel Lusko Picture, produced by Chip Lusko; directed by Daniel Lusko; written by Joel C. Rosenberg; Music [by]: Chris Ridenour and Eliza Swenson; Co-Producers: Skip Heitzig, Daniel Lusko; Editor: Daniel Lusko Released by Tyndale House Publishers, Joel C. Rosenberg ©2007 | ||
| 508 | _aInside the Revolution Production Credits: Solomon Productions and Tyndale House Publishers Present: Inside the Revolution, based on the book by Joel C. Rosenberg; written and hosted by Joel C. Rosenberg; produced by Chris and Daniel Lusko; directed by Daniel Lusko; edited by Daniel Lusko | ||
| 650 | _aPolitics | ||
| 655 | _aDocumentary films | ||
| 942 |
_2ddc _cOD |
||